<?xml version="1.0" encoding="UTF-8"?>
<record
    xmlns:xsi="http://www.w3.org/2001/XMLSchema-instance"
    xsi:schemaLocation="http://www.loc.gov/MARC21/slim http://www.loc.gov/standards/marcxml/schema/MARC21slim.xsd"
    xmlns="http://www.loc.gov/MARC21/slim">

  <leader>00254nam a2200097Ia 4500</leader>
  <controlfield tag="001">1107079</controlfield>
  <controlfield tag="005">20250827003450.0</controlfield>
  <controlfield tag="008">250824s9999    xx            000 0 und d</controlfield>
  <datafield tag="245" ind1=" " ind2="0">
    <subfield code="a">GICIKLI&#x11E;IN L&#xDC;Z&#xDC;MU VAR</subfield>
    <subfield code="c">YUSUF ASAL</subfield>
  </datafield>
  <datafield tag="260" ind1=" " ind2=" ">
    <subfield code="b">GEN&#xC7; NES&#x130;L YAYINEV&#x130; </subfield>
  </datafield>
  <datafield tag="999" ind1=" " ind2=" ">
    <subfield code="c">1107079</subfield>
    <subfield code="d">1107079</subfield>
  </datafield>
  <datafield tag="952" ind1=" " ind2=" ">
    <subfield code="0">0</subfield>
    <subfield code="1">0</subfield>
    <subfield code="4">0</subfield>
    <subfield code="7">0</subfield>
    <subfield code="a">1078</subfield>
    <subfield code="b">1078</subfield>
    <subfield code="d">2025-08-24</subfield>
    <subfield code="l">3</subfield>
    <subfield code="p">10784919</subfield>
    <subfield code="q">2025-12-11</subfield>
    <subfield code="r">2025-11-26 08:06:23</subfield>
    <subfield code="s">2025-11-26</subfield>
    <subfield code="w">2025-08-27</subfield>
    <subfield code="y">BK</subfield>
  </datafield>
</record>
